| Tag |
First Indicator |
Second Indicator |
Subfields |
| LEADER |
00000pam a2200000 a 4500 |
| 001 |
in00000092326 |
| 005 |
20150923132101.0 |
| 008 |
810918s1982 nyu b 00110 eng |
| 010 |
|
|
|a 81040464
|
| 020 |
|
|
|a 0804455023
|
| 035 |
|
|
|a (OCoLC)07835885
|
| 035 |
|
|
|9 AAK7409AM
|
| 039 |
0 |
|
|a 2
|b 3
|c 3
|d 3
|e 3
|
| 040 |
|
|
|a DLC
|c DLC
|d TXA
|d UtOrBLW
|
| 043 |
|
|
|a n-us---
|
| 049 |
|
|
|a TXAM
|c [985853]
|
| 050 |
0 |
0 |
|a KF3823
|b .H67
|
| 082 |
0 |
|
|a 344.73/041
|a 347.30441
|2 19
|
| 100 |
1 |
|
|a Hosford, Bowen.
|
| 245 |
1 |
0 |
|a Making your medical decisions :
|b your rights and harsh choices today /
|c Bowen Hosford.
|
| 264 |
|
1 |
|a New York :
|b F. Ungar,
|c [1982]
|
| 264 |
|
4 |
|c ©1982
|
| 300 |
|
|
|a ix, 214 pages ;
|c 22 cm.
|
| 336 |
|
|
|a text
|b txt
|2 rdacontent
|
| 337 |
|
|
|a unmediated
|b n
|2 rdamedia
|
| 338 |
|
|
|a volume
|b nc
|2 rdacarrier
|
| 500 |
|
|
|a Includes index.
|
| 504 |
|
|
|a Bibliography: pages [203]-208.
|
| 650 |
|
0 |
|a Sick
|x Legal status, laws, etc.
|z United States.
|
| 650 |
|
0 |
|a Medical laws and legislation
|z United States.
|
| 650 |
|
0 |
|a Informed consent (Medical law)
|z United States.
|
| 650 |
|
0 |
|a Physician and patient
|z United States.
|
| 650 |
|
0 |
|a Medicine
|x Decision making.
|
| 999 |
|
|
|a MARS
|
| 999 |
f |
f |
|s 5595f58e-60b0-3266-9afa-3d6597849f8d
|i 146dd65d-91d9-3682-af63-87d9cbcd50ee
|t 0
|
| 952 |
f |
f |
|p ric
|a Texas A&M University
|b Rellis Campus
|c Joint Library Facility
|d Remote Storage
|t 0
|e KF3823 .H67
|h Library of Congress classification
|i unmediated -- volume
|m A14806007861
|
| 998 |
f |
f |
|a KF3823 .H67
|t 0
|l Remote Storage
|